00305nam a2200121Ia 4500008004100000041001200041082001700053100001500070245003500085260004000120300000800160650001500168221030s9999 xx 000 0 und d aEnglish a105.23bGill aP. S. Gill 0aMachine Drawingcby P. S. Gill bS.K Kataria & SonsaNew Delhic1999 a577 aMechanical